Reglamento de la Academia de Derecho y demás Ciencias Sociales... (Record no. 190116)

MARC details
000 -LEADER
campo de control de longitud fija 00341nam a2200121 i 4500
001 - NÚMERO DE CONTROL
campo de control 190116
003 - IDENTIFICADOR DE NÚMERO DE CONTROL
campo de control ES-MaACL
005 - FECHA Y HORA DE LA ÚLTIMA TRANSACCIÓN
campo de control 20230906223638.0
008 - DATOS DE LONGITUD FIJA--INFORMACIÓN GENERAL
campo de control de longitud fija 200729s1901 sp |||| | spa d
245 00 - MENCIÓN DEL TÍTULO
Título Reglamento de la Academia de Derecho y demás Ciencias Sociales...
260 ## - PUBLICACIÓN, DISTRIBUCIÓN, ETC.
Lugar de publicación, distribución, etc. Bilbao :
Nombre del editor, distribuidor, etc. [s.n.],
Fecha de publicación, distribución, etc. 1901.
852 ## - LOCALIZACIÓN
Ubicación ES-MaACL
Número de control de estantería T-957-F-3
Holdings
Estatus retirado Estado de pérdida Estado de daño No para préstamo Colección Biblioteca de origen Biblioteca actual Ubicación en estantería Fecha de adquisición Fuente de adquisición Total de préstamos Signatura topográfica completa Código de barras Visto por última vez Precio de reemplazo Tipo de ítem Koha
        Colección de folletos Biblioteca del Ateneo de Madrid Biblioteca del Ateneo de Madrid Depósito folletos 02/04/2005     T-957-F-3 1201807 23/02/2023 23/02/2023 Folleto